000 01067nam a2200301 i 4500
001 bg
100 1 _aSuchanicz, Jan.
245 1 0 _aFerroelektryczność tytanianów /
_cJan Suchanicz.
260 _aKraków :
_bWydawnictwo Naukowe Akademii Pedagogicznej,
_c2008.
300 _a94, [2] s. :
_bil. ;
_c24 cm.
490 1 _aPrace Monograficzne / Akademia Pedagogiczna im. Komisji Edukacji Narodowej w Krakowie ;
_vnr 498
504 _aBibliogr. s. 79-92.
546 _aStreszcz. ang.
650 9 _aFerroelektryki
650 9 _aPrzemiany fazowe
650 9 _aTytan (chem.)
_xzwiązki
830 0 _aPrace Monograficzne - Akademia Pedagogiczna im. Komisji Edukacji Narodowej w Krakowie,
_x0239-6025 ;
_vnr 498
015 _aPB 20187/2008
020 _a9788372714817
040 _cBPK
041 0 _apol
_beng
044 _aPOL
080 _a537.2:544.01:546.3/.9
920 _a978-83-7271-481-7
942 _cKS
008 080811s2008 pl |000 0 pol
999 _c55785
_d55785
856 _uhttp://koha.tu.koszalin.pl/cgi-bin/koha/opac-detail.pl?biblionumber=55785
_yKatalog online BPK